| 000 | 00808nam a22001577a 4500 | ||
|---|---|---|---|
| 008 | 160517b xxu||||| |||| 00| 0 eng d | ||
| 020 | _a9780973305180 | ||
| 050 | _aHF5635.J64 (vol.1) | ||
| 100 | _aJoffe, Neville | ||
| 245 |
_aKey accounting principles. / _cNeville Joffe |
||
| 260 |
_aToronto: _bAME Learning: _cc2008. |
||
| 300 |
_axvi,498p.: _bill.; |
||
| 500 | _aIncludes appendix and glossary | ||
| 505 | _aContents: Personal accounting-part 1 -- Personal accounting-part 2 -- Linking personal to business -- Bookkeeping -- Accounting in business -- Setting up a merchandise company -- Operating a company-revenue -- Operating a company-expenses -- The cash flow statement -- Financial analysis -- Additional material -- Additional material continued -- IFRS -- Appendix -- Glossary | ||
| 942 |
_2lcc _cBK |
||
| 999 |
_c5939 _d13439 |
||